[Event "Titled Tue 20th May Early"]
[Site "chess.com INT"]
[Date "2025.05.20"]
[Round "3"]
[White "Lukiyanchuk, Vladislav"]
[Black "Khachatryan, Anna"]
[Result "1-0"]
[BlackTitle "WFM"]
[WhiteElo "2299"]
[BlackElo "2169"]
[WhiteFideId "14127113"]
[BlackFideId "13310780"]
[EventDate "2025.05.20"]

1. d4 Nf6 2. c4 c5 3. d5 b5 4. cxb5 a6 5. bxa6 g6 6. Nc3 Bg7 7. Nf3 Qa5 8. Qc2
O-O 9. Bd2 Bxa6 10. Ne4 Nxe4 11. Bxa5 Nf6 12. Bc3 d6 13. e4 Bxf1 14. Kxf1 Na6
15. Nd2 1-0

[Event "Titled Tue 20th May Early"]
[Site "chess.com INT"]
[Date "2025.05.20"]
[Round "3"]
[White "Crispin Ferreras, Darvi Abraham"]
[Black "Viana, Dirceu"]
[Result "1-0"]
[WhiteTitle "CM"]
[BlackTitle "FM"]
[WhiteElo "2124"]
[BlackElo "2188"]
[WhiteFideId "6402771"]
[BlackFideId "2101360"]
[EventDate "2025.05.20"]

1. d4 e6 2. c4 Bb4+ 3. Bd2 Bxd2+ 4. Nxd2 d6 5. g3 e5 6. d5 a5 7. Bg2 Nd7 8. e4
Nc5 9. Qc2 Nh6 10. Ne2 O-O 11. O-O f5 12. f4 Nxe4 13. Nxe4 fxe4 14. fxe5 dxe5
15. Bxe4 g6 16. Bxg6 Qg5 17. Bxh7+ Kg7 18. Rxf8 Qe3+ 19. Rf2 Ng4 20. Qg6+ 1-0

[Event "Titled Tue 20th May Early"]
[Site "chess.com INT"]
[Date "2025.05.20"]
[Round "3"]
[White "Kvaloy, Aksel Bu"]
[Black "Klukin, Kirill"]
[Result "0-1"]
[WhiteTitle "IM"]
[BlackTitle "IM"]
[WhiteElo "2479"]
[BlackElo "2407"]
[WhiteFideId "1528815"]
[BlackFideId "24199273"]
[EventDate "2025.05.20"]

1. e4 e6 2. d4 d5 3. Nd2 c5 4. Ngf3 cxd4 5. exd5 Qxd5 6. Bc4 Qd6 7. O-O Nf6 8.
Nb3 Nc6 9. Nbxd4 Nxd4 10. Nxd4 Be7 11. c3 O-O 12. Re1 Qc7 13. Bd3 Bd7 14. Qf3
Rfd8 15. Bg5 Be8 16. Qh3 h6 17. Bxh6 gxh6 18. Qxh6 Rd5 19. Re3 Rh5 20. Rg3+ Qxg3
21. Bh7+ Kh8 0-1

[Event "Titled Tue 20th May Early"]
[Site "chess.com INT"]
[Date "2025.05.20"]
[Round "3"]
[White "Grigoriants, Sergey"]
[Black "Cumpe, Lucas"]
[Result "1/2-1/2"]
[WhiteTitle "GM"]
[BlackTitle "FM"]
[WhiteElo "2542"]
[BlackElo "2294"]
[WhiteFideId "4130804"]
[BlackFideId "183920"]
[EventDate "2025.05.20"]

1. e4 c5 2. Nf3 e6 3. c3 d5 4. exd5 exd5 5. d4 Nf6 6. Be2 Nc6 7. O-O Be7 8. dxc5
Bxc5 9. Nbd2 O-O 10. Nb3 Bb6 11. Nfd4 Ne5 12. Bg5 h6 13. Bh4 Ng6 14. Bxf6 Qxf6
15. g3 Bh3 16. Re1 Ne5 17. a4 a6 18. a5 Ba7 19. Ra4 Rad8 20. Rb4 Rd7 21. Bf1 Bg4
22. Be2 Bh3 23. Bf1 Bg4 24. Be2 Bh3 1/2-1/2

[Event "Titled Tue 20th May Early"]
[Site "chess.com INT"]
[Date "2025.05.20"]
[Round "3"]
[White "Fiskaaen, Martin Holten"]
[Black "Perez Rojas, Jorge"]
[Result "0-1"]
[WhiteTitle "FM"]
[BlackTitle "FM"]
[WhiteElo "2292"]
[BlackElo "2100"]
[WhiteFideId "1550233"]
[BlackFideId "3452093"]
[EventDate "2025.05.20"]

1. d4 d5 2. Nf3 e6 3. Bf4 c5 4. e3 Nc6 5. Nbd2 Nf6 6. c3 Bd6 7. Bg3 Qe7 8. Ne5
O-O 9. Bd3 Nd7 10. Ndf3 f6 11. Nxc6 bxc6 12. O-O e5 13. dxe5 fxe5 14. e4 Nf6 15.
Qc2 c4 16. Be2 Nxe4 17. Rae1 Bf5 18. Nh4 Nxg3 19. Nxf5 Nxf5 20. Bg4 e4 21. f3
Bc5+ 22. Kh1 Ne3 0-1

[Event "Titled Tue 20th May Early"]
[Site "chess.com INT"]
[Date "2025.05.20"]
[Round "3"]
[White "Perez Cruz, Adianet"]
[Black "Paravyan, David"]
[Result "0-1"]
[WhiteTitle "WFM"]
[BlackTitle "GM"]
[WhiteElo "1984"]
[BlackElo "2596"]
[WhiteFideId "3510115"]
[BlackFideId "4194985"]
[EventDate "2025.05.20"]

1. d4 f5 2. c3 Nf6 3. Nf3 b6 4. Bf4 Bb7 5. h3 e6 6. Nbd2 Bd6 7. Bxd6 cxd6 8. Qc2
O-O 9. e3 Nc6 10. Bd3 Kh8 11. Rc1 Rc8 12. Qb1 Ne7 13. O-O Qe8 14. Rfe1 g5 15.
Nh2 Rg8 16. Kf1 g4 17. hxg4 Nxg4 18. Nxg4 Rxg4 19. f3 Rg3 20. Kf2 Qg6 21. Rg1
Rg8 22. Bf1 Nd5 23. c4 Nf6 24. Qd3 Qg5 25. Qe2 Qh4 0-1

[Event "Titled Tue 20th May Early"]
[Site "chess.com INT"]
[Date "2025.05.20"]
[Round "3"]
[White "Tiitta, Sauli"]
[Black "Kopczynski, Michal"]
[Result "0-1"]
[BlackTitle "CM"]
[WhiteElo "2157"]
[BlackElo "2225"]
[WhiteFideId "502251"]
[BlackFideId "1124200"]
[EventDate "2025.05.20"]

1. g4 e5 2. d4 exd4 3. Nf3 c5 4. e3 dxe3 5. Bxe3 d5 6. Qe2 Be7 7. Bxc5 Bxg4 8.
Bxe7 Qxe7 9. Qxe7+ Nxe7 10. Ne5 Bf5 11. Bb5+ Nbc6 12. Nc3 O-O 13. O-O-O Nxe5 14.
Nxd5 Nxd5 15. Rxd5 Be4 16. Rxe5 Bxh1 17. Re7 a6 18. Bc4 g6 19. h4 Kg7 20. h5
gxh5 21. Re5 h4 22. Rg5+ Kf6 23. Rh5 Rac8 24. Bd3 Rfd8 25. Kd2 Be4 26. Rxh4 Bxd3
27. cxd3 Kg7 28. Rb4 b5 29. a4 bxa4 30. Rxa4 Rb8 31. b4 h5 32. Kc3 h4 33. Rxa6
h3 34. Ra5 Rh8 35. Rg5+ Kf6 0-1

[Event "Titled Tue 20th May Early"]
[Site "chess.com INT"]
[Date "2025.05.20"]
[Round "3"]
[White "Lyutsinger, Iren"]
[Black "Novikova, Anna"]
[Result "1-0"]
[WhiteTitle "FM"]
[BlackTitle "WIM"]
[WhiteElo "2266"]
[BlackElo "2179"]
[WhiteFideId "34425969"]
[BlackFideId "4146794"]
[EventDate "2025.05.20"]

1. e4 c5 2. Nf3 g6 3. h4 Nc6 4. h5 Bg7 5. Nc3 d6 6. Bc4 Bd7 7. d3 Nd4 8. h6 Bf6
9. Nd5 Nxf3+ 10. Qxf3 Bc6 11. Nxf6+ Nxf6 12. Bg5 b5 13. Bd5 Nxd5 14. exd5 Bd7
15. O-O-O a5 16. Rde1 O-O 17. Bxe7 Qb6 18. Qf6 1-0

[Event "Titled Tue 20th May Early"]
[Site "chess.com INT"]
[Date "2025.05.20"]
[Round "3"]
[White "Zmijanac, Dusko"]
[Black "Chekletsov, Ilya"]
[Result "0-1"]
[WhiteTitle "FM"]
[BlackTitle "IM"]
[WhiteElo "1977"]
[BlackElo "2338"]
[WhiteFideId "908762"]
[BlackFideId "24177156"]
[EventDate "2025.05.20"]

1. d4 d5 2. c4 Nc6 3. Nf3 Bg4 4. cxd5 Bxf3 5. gxf3 Qxd5 6. e3 e5 7. Nc3 Bb4 8.
Bd2 Bxc3 9. bxc3 Nf6 10. Bg2 Qd6 11. Rb1 Rb8 12. O-O O-O 13. f4 exd4 14. cxd4
Ne7 15. Rxb7 Rxb7 16. Bxb7 c6 17. Qc2 Rb8 18. Ba6 c5 19. Bd3 cxd4 20. e4 Rc8 21.
Qa4 Qd7 22. Qa3 Qg4+ 23. Kh1 Qf3+ 24. Kg1 Ng6 25. Rc1 Rxc1+ 26. Bxc1 Qg4+ 27.
Kf1 Qd1+ 28. Kg2 Nh4+ 0-1

[Event "Titled Tue 20th May Early"]
[Site "chess.com INT"]
[Date "2025.05.20"]
[Round "3"]
[White "Schmider, Niklas"]
[Black "Emeliantsev, Anatoliy"]
[Result "0-1"]
[WhiteTitle "IM"]
[BlackTitle "FM"]
[WhiteElo "2421"]
[BlackElo "2359"]
[WhiteFideId "12993778"]
[BlackFideId "4160681"]
[EventDate "2025.05.20"]

1. e4 c5 2. Nf3 Nc6 3. d3 g6 4. g3 Bg7 5. Bg2 d6 6. O-O Nf6 7. c3 O-O 8. Re1 e5
9. a3 h6 10. b4 Be6 11. b5 Ne7 12. d4 cxd4 13. cxd4 exd4 14. Nxd4 Bg4 15. Qd3
Nd7 16. Bb2 Nc5 17. Qe3 Na4 18. Bc3 Rc8 19. Bb4 Qb6 0-1

[Event "Titled Tue 20th May Early"]
[Site "chess.com INT"]
[Date "2025.05.20"]
[Round "3"]
[White "Kiran, Manisha Mohanty"]
[Black "Vyom Malhotra"]
[Result "0-1"]
[WhiteTitle "WGM"]
[BlackTitle "CM"]
[WhiteElo "2031"]
[BlackElo "1975"]
[WhiteFideId "5019575"]
[BlackFideId "33383561"]
[EventDate "2025.05.20"]

1. e4 g6 2. d4 Bg7 3. Nc3 c5 4. Nf3 cxd4 5. Nxd4 Nc6 6. Nb3 Nf6 7. Be2 O-O 8.
O-O d6 9. Re1 e5 10. Bg5 Be6 11. Kh1 h6 12. Be3 Qd7 13. f3 Rfd8 14. Qd2 d5 15.
Bxh6 d4 16. Bxg7 Kxg7 17. Nd1 Qe7 18. Nf2 Rh8 19. Kg1 Nh5 20. Nd3 Qh4 21. Nbc5
Bc8 22. Bf1 b6 23. Nb3 Ba6 24. g3 Nxg3 25. hxg3 Qh1+ 26. Kf2 Rh2+ 0-1

[Event "Titled Tue 20th May Early"]
[Site "chess.com INT"]
[Date "2025.05.20"]
[Round "3"]
[White "Ndirangu, Nyaruai, Joyce"]
[Black "Goltsev, Dmitry"]
[Result "0-1"]
[WhiteTitle "WCM"]
[BlackTitle "FM"]
[WhiteElo "1933"]
[BlackElo "2183"]
[WhiteFideId "10802886"]
[BlackFideId "24176710"]
[EventDate "2025.05.20"]

1. e4 e6 2. d4 d5 3. exd5 exd5 4. Bd3 Nf6 5. c3 c5 6. Nf3 Nc6 7. O-O Be7 8. Re1
O-O 9. Bg5 Bg4 10. Bxf6 Bxf6 11. dxc5 Qc7 12. Nbd2 Rfe8 13. Qc2 h6 14. Rxe8+
Rxe8 15. Re1 Rxe1+ 16. Nxe1 Qe7 17. Bh7+ Kh8 18. Nd3 g6 19. Bxg6 fxg6 20. b4 Bf5
21. Nb3 Ne5 22. Nbc1 Nxd3 23. Nxd3 Bxd3 24. Qxd3 Qe1+ 25. Qf1 Bxc3 26. a3 Kg7
27. g3 Kf6 28. f3 Qxf1+ 29. Kxf1 Bb2 30. a4 Ba3 31. b5 Bxc5 32. Ke2 Ke5 33. Kd3
d4 34. h3 Kd5 35. f4 a6 36. g4 axb5 37. axb5 Bd6 38. f5 gxf5 39. gxf5 Be5 40. h4
h5 41. b6 Bf6 0-1

[Event "Titled Tue 20th May Early"]
[Site "chess.com INT"]
[Date "2025.05.20"]
[Round "3"]
[White "Kim, Sergey"]
[Black "Anakok, Deniz"]
[Result "1-0"]
[WhiteTitle "FM"]
[BlackTitle "CM"]
[WhiteElo "2295"]
[BlackElo "2058"]
[WhiteFideId "13700570"]
[BlackFideId "51603586"]
[EventDate "2025.05.20"]

1. d4 d5 2. c4 c6 3. Nf3 Nf6 4. Qc2 e6 5. g3 Nbd7 6. Bg2 Bd6 7. O-O O-O 8. Nbd2
Qe7 9. e4 dxe4 10. Nxe4 Nxe4 11. Qxe4 c5 12. Re1 cxd4 13. Nxd4 Nc5 14. Qe2 a6
15. Be3 e5 16. Nb3 Nxb3 17. axb3 f6 18. c5 Bc7 19. b4 Rb8 20. Red1 Be6 21. c6
Qxb4 22. cxb7 Rxb7 23. Bxb7 Qxb7 24. Qxa6 Qf3 25. Qxe6+ Kh8 26. Qd5 Qh5 27. Ra8 1-0

[Event "Titled Tue 20th May Early"]
[Site "chess.com INT"]
[Date "2025.05.20"]
[Round "3"]
[White "Sailer, Mike"]
[Black "Dorrance, Adam"]
[Result "0-1"]
[BlackTitle "FM"]
[WhiteElo "2108"]
[BlackElo "2301"]
[WhiteFideId "2012901"]
[BlackFideId "2618567"]
[EventDate "2025.05.20"]

1. d4 Nf6 2. Nf3 e6 3. e3 c5 4. Bd3 b6 5. b3 Bb7 6. Bb2 Be7 7. Nbd2 O-O 8. O-O
Nc6 9. a3 Rc8 10. c4 cxd4 11. exd4 d5 12. Re1 h6 13. Qe2 Na5 0-1

[Event "Titled Tue 20th May Early"]
[Site "chess.com INT"]
[Date "2025.05.20"]
[Round "3"]
[White "Malyshev, Vasilij"]
[Black "Yevchenko, Oleksandr"]
[Result "1-0"]
[WhiteTitle "IM"]
[BlackTitle "CM"]
[WhiteElo "2353"]
[BlackElo "2276"]
[WhiteFideId "4105346"]
[BlackFideId "14108267"]
[EventDate "2025.05.20"]

1. d4 Nf6 2. c4 e6 3. Nc3 Bb4 4. Qc2 O-O 5. e4 d5 6. e5 Ne4 7. Bd3 c5 8. Ne2
cxd4 9. Nxd4 Nxc3 10. bxc3 Bc5 11. Nb3 dxc4 12. Bxh7+ Kh8 13. Nxc5 Qd5 14. Be3
Qxe5 15. O-O Nc6 16. Be4 f5 17. Bxc6 bxc6 18. Bd4 Qf4 19. g3 Qd6 20. f4 Rb8 21.
Qf2 Rb5 22. a4 Rb8 23. Be5 1-0

[Event "Titled Tue 20th May Early"]
[Site "chess.com INT"]
[Date "2025.05.20"]
[Round "3"]
[White "Wu, Derek"]
[Black "Berg, Vadim Daskevich"]
[Result "1-0"]
[WhiteTitle "FM"]
[BlackTitle "IM"]
[WhiteElo "2232"]
[BlackElo "2445"]
[WhiteFideId "30914558"]
[BlackFideId "11601965"]
[EventDate "2025.05.20"]

1. e4 c5 2. Nf3 d6 3. d4 cxd4 4. Nxd4 Nf6 5. Nc3 a6 6. Be3 e5 7. Nb3 Be7 8. f3
Be6 9. Qd2 h5 10. O-O-O Nbd7 11. Kb1 Rc8 12. a3 b5 13. Nc1 Nb6 14. N1a2 d5 15.
Bxb6 Qxb6 16. Nxd5 Nxd5 17. exd5 Bxd5 18. Qxd5 Rd8 19. Bxb5+ Qxb5 20. Qxb5+ axb5
21. Nc3 b4 22. axb4 Bxb4 23. Nd5 Bc5 24. Rhe1 f6 25. f4 Bd4 26. Rxd4 1-0

[Event "Titled Tue 20th May Early"]
[Site "chess.com INT"]
[Date "2025.05.20"]
[Round "3"]
[White "Drygalov, Sergey"]
[Black "Matinian, Nikita"]
[Result "1-0"]
[WhiteTitle "GM"]
[BlackTitle "GM"]
[WhiteElo "2560"]
[BlackElo "2420"]
[WhiteFideId "24171743"]
[BlackFideId "24129100"]
[EventDate "2025.05.20"]

1. d4 Nf6 2. c4 e6 3. Nf3 b6 4. g3 Bb7 5. Bg2 Bb4+ 6. Bd2 a5 7. O-O O-O 8. Bf4
Be7 9. Nc3 Ne4 10. Nb5 Na6 11. Qc2 f5 12. a3 g5 13. Be3 f4 14. Ne5 d5 15. Bc1
Bf6 16. cxd5 Qxd5 17. Nc3 Qxd4 18. Nxe4 Bxe5 19. Nxg5 1-0

[Event "Titled Tue 20th May Early"]
[Site "chess.com INT"]
[Date "2025.05.20"]
[Round "3"]
[White "Kilic, Eray"]
[Black "Rozman, Levy"]
[Result "1-0"]
[WhiteTitle "IM"]
[BlackTitle "IM"]
[WhiteElo "2469"]
[BlackElo "2324"]
[WhiteFideId "44517173"]
[BlackFideId "2039877"]
[EventDate "2025.05.20"]

1. e4 c6 2. Nc3 d5 3. Nf3 a6 4. h3 dxe4 5. Nxe4 Nf6 6. Nxf6+ exf6 7. d4 Bd6 8.
Bd3 O-O 9. O-O Re8 10. Re1 Rxe1+ 11. Qxe1 Be6 12. c4 b5 13. b3 Nd7 14. Be3 Qc7
15. Rd1 Re8 16. Qd2 Nf8 17. d5 cxd5 18. cxb5 axb5 19. Bxb5 Ra8 20. a4 Ng6 21.
Rc1 Qb8 22. Bc6 Ra6 23. Bxd5 Ne7 24. Bxe6 fxe6 25. Nd4 Kf7 26. Nb5 Be5 27. Qd7
Qe8 28. Qd3 h6 29. Nc7 1-0

[Event "Titled Tue 20th May Early"]
[Site "chess.com INT"]
[Date "2025.05.20"]
[Round "3"]
[White "Yang, Kaiqi"]
[Black "Beerdsen, Thomas"]
[Result "0-1"]
[WhiteTitle "GM"]
[BlackTitle "GM"]
[WhiteElo "2481"]
[BlackElo "2535"]
[WhiteFideId "8604398"]
[BlackFideId "1030108"]
[EventDate "2025.05.20"]

1. e4 e5 2. Nf3 Nc6 3. Bc4 Nf6 4. d3 h6 5. O-O d6 6. a4 g5 7. a5 Bg7 8. Re1 O-O
9. Nbd2 Ne7 10. Nf1 c6 11. d4 Ng6 12. dxe5 dxe5 13. Ng3 Qc7 14. Nf5 Bxf5 15.
exf5 Ne7 16. Nxe5 Nxf5 17. Qd3 Nd6 18. Bb3 Rad8 19. Qf3 Rfe8 20. Nd3 Rxe1+ 21.
Nxe1 Re8 22. Be3 Nfe4 23. Nd3 c5 24. Bd5 c4 25. Nb4 Bxb2 26. Rb1 Bg7 27. Bxe4
Nxe4 28. Nd5 Qxa5 29. h4 Qxd5 30. hxg5 hxg5 31. Rd1 Qe6 32. Bd4 Bxd4 33. Rxd4
Nf6 34. Qg3 Qe1+ 35. Kh2 Qe5 36. f4 Qxd4 37. Qxg5+ Kf8 38. Qh6+ Ke7 0-1

[Event "Titled Tue 20th May Early"]
[Site "chess.com INT"]
[Date "2025.05.20"]
[Round "3"]
[White "Molina, Roberto Junio Brito"]
[Black "Roberson, Peter T"]
[Result "1-0"]
[WhiteTitle "IM"]
[BlackTitle "IM"]
[WhiteElo "2381"]
[BlackElo "2440"]
[WhiteFideId "2109450"]
[BlackFideId "412384"]
[EventDate "2025.05.20"]

1. d4 Nf6 2. c4 e6 3. Nf3 c5 4. d5 d6 5. Nc3 exd5 6. cxd5 g6 7. e4 a6 8. a4 Bg4
9. Be2 Bxf3 10. Bxf3 Bg7 11. O-O O-O 12. Re1 Nbd7 13. Bf4 Ne8 14. Qd2 Qe7 15. a5
Nc7 16. Bg4 Nb5 17. Na4 Ne5 18. Bd1 Rfe8 19. Nb6 Rad8 20. Ba4 Nd7 21. Nc4 Ne5
22. Nxe5 Bxe5 23. Bxe5 Qxe5 24. Bxb5 axb5 25. f4 Qf6 26. g3 c4 27. Rad1 Rc8 28.
Qb4 c3 29. bxc3 Rxc3 30. e5 Rxe5 31. Qxc3 1-0

[Event "Titled Tue 20th May Early"]
[Site "chess.com INT"]
[Date "2025.05.20"]
[Round "3"]
[White "Jacobsen, Mikkel Manosri"]
[Black "Herrera Ortiz, Miguel"]
[Result "1-0"]
[WhiteTitle "FM"]
[BlackTitle "IM"]
[WhiteElo "2223"]
[BlackElo "2174"]
[WhiteFideId "1444514"]
[BlackFideId "5100550"]
[EventDate "2025.05.20"]

1. d4 e6 2. Nf3 f5 3. Bf4 Nf6 4. e3 b6 5. Be2 Bb7 6. h3 Be7 7. O-O O-O 8. c4 Ne4
9. Nfd2 Nxd2 10. Qxd2 d6 11. Nc3 Nd7 12. Bh2 Nf6 13. b4 Ne4 14. Nxe4 Bxe4 15.
Bd3 Bb7 16. Rac1 a5 17. a3 axb4 18. axb4 Qe8 19. Rfd1 Qg6 20. Bf1 Ra3 21. d5 e5
22. c5 bxc5 23. bxc5 Rfa8 24. cxd6 Bxd6 25. Qb2 Bc8 26. Bxe5 Ra2 27. Qc3 R8a3
28. Qd4 h6 29. Bxd6 Qxd6 30. Rc6 Qd8 31. d6 cxd6 32. Qxd6 Qxd6 33. Rxc8+ Kh7 34.
Rxd6 1-0

[Event "Titled Tue 20th May Early"]
[Site "chess.com INT"]
[Date "2025.05.20"]
[Round "3"]
[White "Savitha, Shri B"]
[Black "Geivondian, Arman"]
[Result "1/2-1/2"]
[WhiteTitle "IM"]
[BlackTitle "FM"]
[WhiteElo "2298"]
[BlackElo "2297"]
[WhiteFideId "35061887"]
[BlackFideId "24102032"]
[EventDate "2025.05.20"]

1. e4 c5 2. b4 cxb4 3. a3 bxa3 4. d4 e6 5. Bxa3 Bxa3 6. Nxa3 d5 7. e5 Ne7 8. Nb5
O-O 9. Bd3 Nbc6 10. c3 Nf5 11. Nf3 Bd7 12. Bxf5 exf5 13. Nd6 b6 14. O-O Na5 15.
Qd3 Qc7 16. Nxf5 Bxf5 17. Qxf5 Qxc3 18. Rfc1 Qb4 19. Ng5 g6 20. Qh3 h5 21. e6
Nc4 22. exf7+ Kh8 23. Rxc4 dxc4 24. Qe6 Kg7 25. Qe5+ Kh6 26. Qf4 c3 27. Ne6+ Kh7
28. Ng5+ Kh6 29. Ne6+ Kh7 30. Ng5+ Kh6 1/2-1/2

[Event "Titled Tue 20th May Early"]
[Site "chess.com INT"]
[Date "2025.05.20"]
[Round "3"]
[White "Darmanin, Jake"]
[Black "Aranda, Juan Manuel"]
[Result "0-1"]
[WhiteTitle "CM"]
[BlackTitle "CM"]
[WhiteElo "2065"]
[BlackElo "2134"]
[WhiteFideId "5601061"]
[BlackFideId "160458"]
[EventDate "2025.05.20"]

1. e4 d6 2. d4 g6 3. Nf3 Nf6 4. Nc3 Bg7 5. h3 O-O 6. Be3 b6 7. Qd2 c5 8. O-O-O
Bb7 9. dxc5 bxc5 10. Bxc5 Bxe4 11. Bd4 Bxf3 12. gxf3 Nc6 13. Be3 Qa5 14. Kb1
Rab8 15. b3 Rfc8 16. Ne4 Qe5 17. Nc3 Nd5 18. Qxd5 Qxc3 19. Kc1 Nb4 20. Qe4 Nxa2+
21. Kb1 Qb2# 0-1

[Event "Titled Tue 20th May Early"]
[Site "chess.com INT"]
[Date "2025.05.20"]
[Round "3"]
[White "Valle Luis, Leo"]
[Black "Bahmani, Koorosh"]
[Result "1-0"]
[WhiteTitle "FM"]
[BlackTitle "CM"]
[WhiteElo "2301"]
[BlackElo "2208"]
[WhiteFideId "54577187"]
[BlackFideId "42576750"]
[EventDate "2025.05.20"]

1. e4 c6 2. d4 d5 3. e5 Bf5 4. h4 a6 5. h5 c5 6. dxc5 Nc6 7. Nf3 e6 8. Be3 Qc7
9. Bd4 Nxd4 10. Qxd4 Bxc5 11. Qd2 h6 12. Bd3 Ne7 13. Nc3 O-O 14. Bxf5 exf5 15.
Ne2 Rfd8 16. Ned4 Rac8 17. c3 Bxd4 18. cxd4 Qc2 19. Rd1 Rc3 20. bxc3 Qe4+ 21.
Qe3 Qg4 22. Rh4 Qxg2 23. Ke2 f4 24. Qxf4 g5 25. Rg4 Qh3 26. Nxg5 hxg5 27. Qxg5+
Kf8 28. Rd3 Qh1 29. Rg1 Qe4+ 30. Re3 Qc2+ 31. Kf3 Rc8 32. e6 Rxc3 33. Qg7+ Ke8
34. Qxf7+ Kd8 35. Qf8+ Kc7 36. Qxe7+ Kb6 37. Qb4+ 1-0

[Event "Titled Tue 20th May Early"]
[Site "chess.com INT"]
[Date "2025.05.20"]
[Round "3"]
[White "Ghoreishi Amiri, Seyed Kian"]
[Black "Seyidli, Mirsaleh"]
[Result "1-0"]
[WhiteTitle "CM"]
[BlackTitle "CM"]
[WhiteElo "2215"]
[BlackElo "1995"]
[WhiteFideId "36757527"]
[BlackFideId "13445219"]
[EventDate "2025.05.20"]

1. e4 c5 2. Nf3 e6 3. a4 Nc6 4. Bb5 Nge7 5. O-O a6 6. Bxc6 Nxc6 7. c3 d5 8. exd5
Qxd5 9. d4 cxd4 10. cxd4 Bb4 11. Nc3 Bxc3 12. bxc3 O-O 13. Ba3 Rd8 14. Qe2 b5
15. axb5 axb5 16. Bc5 Bd7 17. Rab1 Na5 18. Ne5 Be8 19. f4 f6 20. Ng4 Bg6 21.
Rxb5 Qd7 22. Rb6 Bf7 23. h4 Qd5 24. Ne3 Qe4 25. Rb2 Bh5 26. Qxh5 Qxe3+ 27. Kh1
Qxc3 28. Re2 Qd3 29. Rfe1 Re8 30. Rxe6 Rxe6 31. Rxe6 Qf1+ 32. Kh2 Qxf4+ 33. Kh3
h6 34. Re7 Nc4 35. Qf7+ 1-0

[Event "Titled Tue 20th May Early"]
[Site "chess.com INT"]
[Date "2025.05.20"]
[Round "3"]
[White "Kononenko, Dmitry2"]
[Black "Mitrabha, Guha"]
[Result "0-1"]
[WhiteTitle "FM"]
[BlackTitle "GM"]
[WhiteElo "2205"]
[BlackElo "2515"]
[WhiteFideId "14113538"]
[BlackFideId "5057000"]
[EventDate "2025.05.20"]

1. d4 Nf6 2. c4 g6 3. Nc3 Bg7 4. g3 c5 5. d5 e6 6. Bg2 exd5 7. cxd5 d6 8. Nf3
O-O 9. O-O Re8 10. Bf4 a6 11. a4 h6 12. h4 Bg4 13. Nd2 Nh5 14. Nc4 Nxf4 15. gxf4
h5 16. Qd2 Qf6 17. e3 Nd7 18. a5 Rad8 19. Ne4 Rxe4 20. Bxe4 Qxh4 21. Bg2 Nf6 22.
f3 Bd7 23. Rfe1 Bb5 24. b3 Qg3 25. Qf2 Qxf2+ 26. Kxf2 Nxd5 27. Rad1 Bc6 28. e4
Nxf4 29. Rxd6 Rxd6 30. Nxd6 Nd3+ 31. Kf1 Nxe1 32. Kxe1 Bc3+ 33. Ke2 Bxa5 34. f4
Bc7 35. Nc4 Bxf4 36. Bf3 Bb5 0-1

[Event "Titled Tue 20th May Early"]
[Site "chess.com INT"]
[Date "2025.05.20"]
[Round "3"]
[White "Galchenko, Matvey"]
[Black "Garrido, Denis"]
[Result "1-0"]
[WhiteTitle "IM"]
[BlackTitle "FM"]
[WhiteElo "2442"]
[BlackElo "2230"]
[WhiteFideId "24175480"]
[BlackFideId "601217"]
[EventDate "2025.05.20"]

1. f4 Nh6 2. e4 d5 3. exd5 Qxd5 4. Nc3 Qd8 5. d4 g6 6. Nf3 Bg7 7. Be3 Bg4 8. Bc4
O-O 9. h3 Nf5 10. Bf2 Bxf3 11. Qxf3 Nxd4 12. Qe4 Nbc6 13. O-O-O Qd6 14. Nd5 e6
15. Nc3 Rad8 16. Kb1 Qc5 17. Bd3 Qe7 18. g4 a6 19. h4 f5 20. Qg2 fxg4 21. Qxg4
Nf5 22. Ne4 Nb4 23. Bc5 1-0

[Event "Titled Tue 20th May Early"]
[Site "chess.com INT"]
[Date "2025.05.20"]
[Round "3"]
[White "Hernandez Izquierdo, Jose A."]
[Black "Tsapov, Igor"]
[Result "1-0"]
[WhiteTitle "IM"]
[BlackTitle "CM"]
[WhiteElo "2223"]
[BlackElo "2093"]
[WhiteFideId "3527263"]
[BlackFideId "4179005"]
[EventDate "2025.05.20"]

1. e4 c5 2. Nf3 d6 3. d4 cxd4 4. Nxd4 Nf6 5. Nc3 a6 6. h3 e5 7. Nde2 h5 8. Bg5
Be7 9. Ng3 Nc6 10. Bxf6 Bxf6 11. Nxh5 Be6 12. Nxf6+ gxf6 13. Nd5 Rc8 14. c3 b5
15. Be2 Rg8 16. Bg4 Bxg4 17. hxg4 f5 18. gxf5 Qg5 19. g3 Ne7 20. Rh5 Qg7 21. f6
Qg6 22. Nxe7 Qxe4+ 23. Qe2 1-0

[Event "Titled Tue 20th May Early"]
[Site "chess.com INT"]
[Date "2025.05.20"]
[Round "3"]
[White "Mafra, Kaiser Luiz"]
[Black "Gibala, Adam"]
[Result "0-1"]
[WhiteTitle "CM"]
[BlackTitle "CM"]
[WhiteElo "2094"]
[BlackElo "2239"]
[WhiteFideId "2106698"]
[BlackFideId "21070288"]
[EventDate "2025.05.20"]

1. d4 Nf6 2. Nc3 d5 3. Bf4 e6 4. e3 Bb4 5. Bd3 c5 6. dxc5 Nbd7 7. Ne2 Nxc5 8. a3
Nxd3+ 9. Qxd3 Be7 10. O-O O-O 11. Nb5 a6 12. Nbd4 Re8 13. Bg3 Bf8 14. f4 Ne4 15.
f5 exf5 16. Nxf5 Bxf5 17. Rxf5 Qb6 18. Raf1 Nxg3 19. Nxg3 Rxe3 20. Qxd5 Re5+ 0-1